Folklore de la República Dominicana / (Registro nro. 14288)

Detalles MARC
000 -LIDER
fixed length control field 03058nam a2200397 a 4500
001 - NÚMERO DE CONTROL
Identificador de número de control 000005694
003 - IDENTIFICACDOR DE NÚMERO DE CONTROL
control field DO-SdBNP
005 - DATE AND TIME OF LATEST TRANSACTION
control field 20220930134529.0
008 - ELEMENTOS DE LONGITUD FIJA
fixed length control field 090821s2009 dr 000 0 spa d
020 ## - ISBN
International Standard Book Number 9789945457063 (Tapa dura)
020 ## - ISBN
International Standard Book Number 9789945437056 (Tapa blanda)
040 ## - FUENTE DE CATALOGACIÓN
Agencia que crea de manera original el registro DO-SdBNP
Idioma de catalogación spa
Agencia que realiza la transcripción BPMSU
082 ## - NÚMERO DE CLASIFICACIÓN DECIMAL DE DEWEY
Classification number 398.2097293
Item number A553f, 2009
Edition number 22
100 1# - ASIENTO PRINCIPAL -- NOMBRE PERSONAL
Nombre personal Andrade, Manuel José,
Fechas asociadas con el nombre 1885-1941
240 10 - TITULO UNIFORME
Idioma de una obra
245 10 - MENCIÓN DE TITULO
Título Folklore de la República Dominicana /
Mención de responsabilidad Manuel José Andrade ; [ presentación Daniel Toribio ; exordio Mariano Mella ; prólogo Rafael Julián].
260 ## - PUBLICACIÓN, DISTRIBUCIÓN, ETC. (PIE DE IMPRENTA)
Lugar de publicación, distribución, etc Santo Domingo :
Nombre del editor, distribuidor, etc. Banreservas :
-- Sociedad Dominicana de Bibliófilos,
Fecha de publicación, distribución, etc 2009.
300 ## - DESCRIPCIÓN FÍSICA
Extensión 711 p. ;
Dimensiones 23 cm.
490 0# - MENCIÓN DE SERIES
Mención de serie Bibliófilos-Banreservas,
Volume/sequential designation 7
504 ## - NOTA DE BIBLIOGRAFÍA, ETC.
Bibliography, etc Incluye referencias bibliográficas y notas al pie de las páginas.
505 0# - NOTA DE CONTENIDO
Título Presentación /
Mención de responsabilidad Daniel Toribio --
Título Exordio /
Mención de responsabilidad Mariano Mella --
Título Prólogo /
-- Rafael Julián --
-- Palabras preliminares --
-- Prefacio --
-- Introducción --
-- Los principales informantes --
-- Observaciones acerca del lenguaje --
-- Vocabulario --
-- Cuentos --
-- El ciclo de Juan Bobo --
-- Los hermanos Rivales --
-- El vuelo mágico --
-- La alfombra mágica y argumentos análogos --
-- El hombre con los dientes de oro --
-- El hermano y la hermana abandonados en el bosque matan a la bruja --
-- El gato bondadoso --
-- Buquí y lapén --
-- La serpiente de la siete cabezas --
-- Pan y un beso gana la lucha con el monstruo --
-- Los tres perros rompen la cadena y acuden en ayuda --
-- El hermano más joven captura el caballo de siete colores --
-- La promesa funesta: dar un hijo al diablo --
-- Escuchando al tres brujas --
-- Los ladrones hábiles --
-- El falso adivino --
-- La sustitución de objetos sin valor por objetos mágicos --
-- La cueva de los ladrones y las palabras mágicas --
-- La princesa encantada --
-- La sustracción traidora de perros por niños recien nacidos --
-- El niño de Brea --
-- La muchacha cuyo novio era un pez --
-- La cenicienta --
-- La muchacha más lista que el rey --
-- El mono curioso en dificultades --
-- Cuentos de hadas --
-- Cuentos de heroísmo con seres sobrenaturales o monstruos --
-- Cuentos de vindicación o protección mediante poderes sobrenaturales --
-- Cuentos morales: muerte, fantasmas y el diablo --
-- Historia referente a la divinidad cristiana --
-- Cuentos de animales --
-- Episodio novelescos --
-- Cuentos de dinero y picardías --
-- Cuento de ingenio y gracia --
-- Adivinanzas --
-- Proverbios y decíres --
-- Creencias y costumbres.
534 ## - NOTA SOBRE LA VERSIÓN ORIGINAL
Asiento principal del original Título original :
Mención del título original Folk-lore from the Dominican Republic.
590 ## - NOTA LOCAL
Texto de la nota local Inventariado, 2022/VM
650 #4 - ENCABEZAMIENTO DE MATERIA--TEMÁTICO
Término temático o nombre geográfico como elemento de entrada Folclor
Subdivisión geográfica República Dominicana
650 #4 - ENCABEZAMIENTO DE MATERIA--TEMÁTICO
Término temático o nombre geográfico como elemento de entrada Folclor en la literatura
650 #4 - ENCABEZAMIENTO DE MATERIA--TEMÁTICO
Término temático o nombre geográfico como elemento de entrada Cultura popular en la literatura
650 #4 - ENCABEZAMIENTO DE MATERIA--TEMÁTICO
Término temático o nombre geográfico como elemento de entrada Literatura folclórica
650 #4 - ENCABEZAMIENTO DE MATERIA--TEMÁTICO
Término temático o nombre geográfico como elemento de entrada Culturas tradicionales
650 #4 - ENCABEZAMIENTO DE MATERIA--TEMÁTICO
Término temático o nombre geográfico como elemento de entrada Identidad cultural
700 1# - ASIENTO SECUNDARIO -- NOMBRE PERSONAL
Nombre personal Julián, Rafael,
Mención de responsabilidad pról.
700 1# - ASIENTO SECUNDARIO -- NOMBRE PERSONAL
Nombre personal Toribio, Daniel
700 1# - ASIENTO SECUNDARIO -- NOMBRE PERSONAL
Nombre personal Mella, Mariano
710 2# - ASIENTO SECUNDARIO -- NOMBRE CORPORATIVO
Nombre corporativo o de jurisdicción Sociedad Dominicana de Bibliófilos
910 ## - VALIDACIÓN
Validación VMateo V./Validado.
942 ## - ADDED ENTRY ELEMENTS (KOHA)
Source of classification or shelving scheme Dewey Decimal Classification
Koha item type Libros
Existencias
Withdrawn status Lost status Source of classification or shelving scheme Damaged status Not for loan Collection code Home library Current library Date acquired Source of acquisition Total Checkouts Full call number Barcode Date last seen Price effective from Koha item type
    Dewey Decimal Classification     Colección Dominicana Biblioteca Pública Metropolitana Salomé Ureña Biblioteca Pública Metropolitana Salomé Ureña 09/30/2022 Certv.   BPMSU CD 398.2097293 A553f, 2009 BPMSU22090055 09/30/2022 09/30/2022 Libros